Red de transmisión de señales de nivel, planta hidroeléctrica La Garita
محفوظ في:
| المؤلف الرئيسي: | |
|---|---|
| التنسيق: | كتاب |
| منشور في: |
[San José, Costa Rica]
2003
|
| الموضوعات: | |
| الوسوم: |
إضافة وسم
لا توجد وسوم, كن أول من يضع وسما على هذه التسجيلة!
|
MARC
| LEADER | 00000nam a2200000Ia 4500 | ||
|---|---|---|---|
| 001 | 4752 | ||
| 003 | 009213 | ||
| 005 | 20221231144146.0 | ||
| 008 | 140114s2003 cr a m 0|0 ||s d | ||
| 040 | |c cru CEDI | ||
| 100 | |a Quintana Vargas, Marcelo |9 6881 | ||
| 245 | |a Red de transmisión de señales de nivel, planta hidroeléctrica La Garita | ||
| 260 | |c 2003 |a [San José, Costa Rica] | ||
| 300 | |a 169 páginas, 4 hojas plegables : ilustraciones (algunas a color), planos | ||
| 500 | |a Proyecto de graduación (bachillerato en ingeniería eléctrica)--Universidad de Costa Rica. Facultad de Ingeniería. Escuela de Ingeniería Eléctrica | ||
| 650 | |x CENTRALES HIDROELECTRICAS |x AUTOMATIZACION |x SISTEMAS DE TRANSMISION DE DATOS |9 6882 | ||
| 942 | |c TFG |2 ddc | ||
| 999 | |c 17731 |d 17731 | ||
